|
|
|
|
| LEADER |
00597 a2200133 4500 |
| 008 |
100208b ||||| |||| 00| 0 eng d |
| 082 |
|
|
|a 338.134980212
|
| 100 |
|
|
|a Rome. Food and Agriculture Organisation.
|
| 245 |
|
|
|a Forest products prices 1960 - 1977 /
|c Food and Agriculture Organisation Rome
|
| 260 |
|
|
|b Food and Agriculture Organisation,
|a Rome:
|c 1979.
|
| 650 |
|
|
|a Forest products--Prices
|
| 942 |
|
|
|c BK
|
| 999 |
|
|
|c 312459
|d 312459
|
| 952 |
|
|
|0 0
|1 0
|2 ddc
|4 0
|6 338_134980212000000_FOO_F
|7 0
|9 358556
|a ECN
|b ECN
|c GEN
|d 2010-09-07
|e Gift from FAO, Rome
|i 2970
|l 0
|o 338.134980212 FOO/F
|p ECN2970
|r 2010-09-07
|w 2010-09-07
|y BK
|